| 000 | 01031nam a22002775a 4500 | ||
|---|---|---|---|
| 005 | 20180725163845.0 | ||
| 008 | 071108s2008 cau 000 0 eng | ||
| 010 | _aENG-91199 B-418598 | ||
| 020 |
_a9780070667648 _c325.00 395.00 |
||
| 020 | _a0070667640 | ||
| 035 | _aEN-74732 b-418598 , B-107659 | ||
| 037 | _bDBAD / PUB | ||
| 037 | _bRP/CL/E;29/109/22-07-10/27-07-10 | ||
| 040 |
_adpl _bEnglish |
||
| 082 | _a004.21 | ||
| 100 |
_aRaj Kamal _92198 |
||
| 245 |
_aEmbedded systems: _cby Raj Kamal _barchitecture, programming and design / |
||
| 250 | _a2nd ed | ||
| 260 |
_aNew Delhi _bTata McGraw-Hill Publishing _c2008. |
||
| 300 |
_axxii, 681p. _c26cm (pbk) |
||
| 500 | _aIncludes bibliographical references and index | ||
| 650 |
_aEmbedded computer systems _xDesign and construction. _92199 |
||
| 650 |
_aEmbedded computer systems _xProgramming. _92200 |
||
| 942 |
_2ddc _cEN _mRAJ _h004.21 |
||
| 999 |
_c16328 _d16328 |
||